| 000 | 00506nam a2200181Ia 4500 | ||
|---|---|---|---|
| 003 | OSt | ||
| 005 | 20260107120548.0 | ||
| 008 | 210210b1967 xxu||||| |||| 00| 0 eng d | ||
| 040 | _cAL | ||
| 041 | _aKannada | ||
| 082 | _a859/1337 | ||
| 100 |
_aMANOHARA MALAGAVKAR _9159865 _dಮನೋಹರ ಮಳಗಾಂವ್ಕರ್ |
||
| 245 |
_aRaja maharajaru: _bರಾಜ ಮಹಾರಾಜರು |
||
| 260 |
_aBengaluru _b- _c1967 |
||
| 690 |
_aKannada Fiction _9159866 |
||
| 906 | _a022075 | ||
| 942 |
_2ddc _cBK |
||
| 999 |
_c146181 _d146181 |
||